| 000 | 02511nam0a2200421 4500 | ||
|---|---|---|---|
| 001 | RU\NLR\BIBL_A\022679845 | ||
| 005 | 20260323172744.0 | ||
| 021 |
_aRU _bКН-П-25-064669 _9КН-П-25-6266 |
||
| 021 |
_aRU _bКН-П-25-064669 _9КН-П-25-7309 |
||
| 035 | _a(NLR Aleph) 022679845 | ||
| 090 |
_a13643219 _c13643219 |
||
| 100 | _a20251204d2025 k y0rusy50 ca | ||
| 101 | 0 |
_arus _deng |
|
| 102 | _aRU | ||
| 105 | _aa z 100yy | ||
| 181 | 0 |
_ai _b xxe |
|
| 182 | 0 | _an | |
| 200 | 1 |
_aОбразовательный потенциал художественного музея _eматериалы IV межрегиональной научно-практической конференции, 18–19 ноября 2024 года _fГосударственное бюджетное учреждение культуры Нижегородской области "Нижегородский государственный художественный музей" _gглавный редактор: Жукарин Роман Юрьевич, к. и. н. |
|
| 203 |
_aТекст _bвизуальный _cнепосредственный |
||
| 210 |
_aНижний Новгород _cНГХМ _d2025 |
||
| 215 |
_a179, [1] с. _cтабл. _d20 |
||
| 300 | _aНа обл.: ISSN 3034-3968 | ||
| 300 | _aВ макете: № 4 | ||
| 300 | _aРез. ст. англ. | ||
| 320 | _aБиблиогр. в конце ст. | ||
| 606 | 1 |
_aХудожественные музеи _yРабота с детьми _jСъезды, совещания и т.п _2nlr_sh2 _3RU\NLR\AUTH\661189169 |
|
| 606 | 1 |
_aМузейная педагогика _jСъезды, совещания и т.п _2nlr_sh2 _3RU\NLR\AUTH\661413963 |
|
| 686 | 1 | _aЩ101.19 я431 | |
| 686 | 1 |
_aЧ30в2 _bЧ7я431 |
|
| 686 | 1 | _aЧ77я431 | |
| 702 | 1 |
_aЖукарин _bР. Ю. _gРоман Юрьевич _4340 |
|
| 711 | 1 | 2 |
_a"Образовательный потенциал художественного музея", межрегиональная научно-практическая конференция _d4 _f2024 _eНижний Новгород _3RU\NLR\AUTH\880636867 |
| 712 | 0 | 2 |
_aНижегородский государственный художественный музей _3RU\NLR\AUTH\889917156 _4475 |
| 942 | _cBOOK | ||
| 980 | _aNB | ||